[Event "Bled Olympiad"]
[Site "Bled SLO"]
[Date "2002.11.02"]
[EventDate "2002.10.26"]
[Round "8"]
[Result "1-0"]
[White "Leinier Dominguez Perez"]
[Black "Darryl K Johansen"]
[WhiteElo "2608"]
[BlackElo "2512"]
[PlyCount "67"]

1. e4 e6 2. d4 d5 3. Nc3 Bb4 4. e5 b6 5. Qg4 Bf8 6. Bg5 Qd7
7. Bb5 c6 8. Ba4 Ba6 9. Nge2 h6 10. Bd2 Ne7 11. O-O h5 12. Qf3
Nf5 13. a3 Bc4 14. Rfd1 Be7 15. Bb3 Bxb3 16. cxb3 c5 17. dxc5
bxc5 18. Be1 Nc6 19. Nxd5 exd5 20. Rxd5 Nh4 21. Qe4 Qg4 22. f4
O-O 23. Bxh4 Qxh4 24. h3 Nd4 25. Nxd4 cxd4 26. Rf1 Rad8
27. Rb5 Qg3 28. Rf3 Qg6 29. f5 Qg5 30. f6 Bxf6 31. exf6 Qxb5
32. Rg3 g5 33. Qh4 g4 34. Rxg4+ 1-0

[Event "Bled Olympiad"]
[Site "Bled SLO"]
[Date "2002.11.04"]
[EventDate "2002.10.26"]
[Round "9"]
[Result "1-0"]
[White "Emanuel Berg"]
[Black "Leinier Dominguez Perez"]
[WhiteElo "2535"]
[BlackElo "2608"]
[PlyCount "129"]

1. e4 c5 2. Nf3 d6 3. d4 cxd4 4. Nxd4 Nf6 5. Nc3 a6 6. Be3 e6
7. f4 b5 8. Qf3 Bb7 9. Bd3 Nbd7 10. g4 b4 11. Nce2 e5 12. Nb3
exf4 13. Bxf4 h5 14. g5 Ng4 15. g6 fxg6 16. O-O-O Nge5 17. Qg2
Be7 18. Ned4 Bf6 19. Ne6 Qb6 20. Rhe1 Kf7 21. Be3 Qc6 22. Na5
Qc8 23. Nf4 g5 24. Ne2 Nxd3+ 25. Rxd3 Nc5 26. Bxc5 dxc5
27. Red1 Rd8 28. Rxd8 Bxd8 29. Rxd8 Qxd8 30. Nxb7 Qe7 31. e5
Kg8 32. Nd6 Rf8 33. Qd5+ Kh7 34. Ng3 g4 35. e6 g6 36. Qe5 Rf6
37. Nde4 Rf8 38. Ng5+ Kg8 39. Nf7 Rxf7 40. exf7+ Qxf7 41. b3
Kh7 42. Ne4 Qf1+ 43. Kb2 Qf5 44. Qe7+ Kh6 45. Nf6 g5 46. Ne4
h4 47. Qd6+ Kh7 48. Qe7+ Kg6 49. Qd6+ Kf7 50. Qc7+ Kg6
51. Qc6+ Kg7 52. Qc7+ Kg6 53. Qb6+ Kg7 54. Qa7+ Kg6 55. Qxa6+
Kg7 56. Qa7+ Kg6 57. Qb6+ Kg7 58. Qc7+ Kg6 59. Qe7 g3 60. hxg3
h3 61. Qe8+ Kg7 62. Qe7+ Kg6 63. Nd6 Qf1 64. Qe6+ Kh7 65. Nf5
1-0

[Event "Bled Olympiad"]
[Site "Bled SLO"]
[Date "2002.11.05"]
[EventDate "2002.10.26"]
[Round "10"]
[Result "1-0"]
[White "Leinier Dominguez Perez"]
[Black "Ekrem Cekro"]
[WhiteElo "2608"]
[BlackElo "2432"]
[PlyCount "67"]

1. e4 g6 2. d4 Bg7 3. Nc3 d6 4. Be3 c6 5. Qd2 Nd7 6. Nf3 Ngf6
7. Bh6 Bxh6 8. Qxh6 e5 9. O-O-O Qe7 10. h3 b5 11. a3 Bb7
12. Be2 a6 13. Rd2 exd4 14. Nxd4 c5 15. Nb3 b4 16. axb4 cxb4
17. Nd5 Bxd5 18. exd5 Ne4 19. Rd3 Ne5 20. Re3 f5 21. f3 Nf6
22. Rd1 Kf7 23. Nd4 Qf8 24. Qh4 Qd8 25. Nc6 Qb6 26. Nxe5+ dxe5
27. Rxe5 Rhe8 28. Re6 Rxe6 29. dxe6+ Kg7 30. Bc4 Qe3+ 31. Kb1
f4 32. Qg5 Rc8 33. Rd7+ Nxd7 34. exd7 1-0

[Event "Bled Olympiad"]
[Site "Bled SLO"]
[Date "2002.11.06"]
[EventDate "2002.10.26"]
[Round "11"]
[Result "0-1"]
[White "Leinier Dominguez Perez"]
[Black "Smbat Gariginovich Lputian"]
[WhiteElo "2608"]
[BlackElo "2627"]
[PlyCount "93"]

1. e4 e6 2. d4 d5 3. Nc3 Bb4 4. e5 c5 5. a3 Ba5 6. Qg4 Ne7
7. dxc5 Bxc3+ 8. bxc3 Qa5 9. Bd2 Ng6 10. Nf3 Nd7 11. c4 Qc7
12. cxd5 O-O 13. d6 Qxc5 14. Qe4 Ngxe5 15. Nxe5 Qxe5 16. Qxe5
Nxe5 17. c4 b6 18. c5 Bb7 19. cxb6 axb6 20. f4 Nd7 21. Bb5 Nc5
22. O-O Rfd8 23. Bb4 Rxd6 24. Rfd1 Rd5 25. Rxd5 Bxd5 26. Rc1
h5 27. g3 Nb3 28. Rc7 Nd4 29. Bd7 Nf3+ 30. Kf2 Nxh2 31. Bc6
Ng4+ 32. Ke2 Rd8 33. Rd7 Rxd7 34. Bxd7 Nf6 35. Bb5 Ne4 36. Be1
Nd6 37. Bd3 Bc4 38. Bb4 Bxd3+ 39. Kxd3 Nf5 40. a4 Nxg3 41. Be1
h4 42. Bf2 Kf8 43. Bxb6 h3 44. Bg1 Ke8 45. a5 Kd7 46. a6 Kc6
47. a7 0-1

[Event "Capablanca Memorial (Elite)"]
[Site "Havana CUB"]
[Date "2003.05.06"]
[EventDate "2003.05.06"]
[Round "1"]
[Result "1/2-1/2"]
[White "Viacheslav Ikonnikov"]
[Black "Leinier Dominguez Perez"]
[WhiteElo "2546"]
[BlackElo "2603"]
[PlyCount "32"]

1. d4 d5 2. Nf3 Nf6 3. c4 c6 4. Qb3 dxc4 5. Qxc4 Bf5 6. g3 e6
7. Bg2 Be7 8. O-O Nbd7 9. Nc3 O-O 10. Re1 Ne4 11. Bf4 Nxc3
12. bxc3 Be4 13. Qb3 c5 14. Ne5 Bxg2 15. Kxg2 Nb6 16. Nf3 Qd5
1/2-1/2

[Event "Capablanca Memorial (Elite)"]
[Site "Havana CUB"]
[Date "2003.05.10"]
[EventDate "2003.05.06"]
[Round "5"]
[Result "1/2-1/2"]
[White "Reynaldo Vera"]
[Black "Leinier Dominguez Perez"]
[WhiteElo "2546"]
[BlackElo "2603"]
[PlyCount "93"]

1. d4 Nf6 2. c4 c6 3. Nc3 d5 4. e3 e6 5. Nf3 Nbd7 6. Bd3 dxc4
7. Bxc4 b5 8. Bd3 Bb7 9. e4 b4 10. Na4 c5 11. e5 Nd5 12. O-O
cxd4 13. Nxd4 Nxe5 14. Bb5+ Nd7 15. Qh5 N5f6 16. Nxe6 Nxh5
17. Nxd8 Rxd8 18. Re1+ Be7 19. Nc5 Bc8 20. Bg5 Nhf6 21. Rad1
h6 22. Bxf6 gxf6 23. Nxd7 Bxd7 24. Rxd7 Rxd7 25. Rd1 O-O
26. Rxd7 Bc5 27. Bc4 Bb6 28. g3 Kg7 29. Kg2 f5 30. Kf3 Kg6
31. h4 Rd8 32. Bxf7+ Kf6 33. Rxd8 Bxd8 34. Bb3 Bb6 35. Bc2 Bd4
36. b3 Bb6 37. Ke2 Bc5 38. f3 Bd6 39. f4 Bc5 40. Bd3 Bb6
41. Kf3 Bc5 42. g4 fxg4+ 43. Kxg4 Bf2 44. h5 Bb6 45. Kf3 Bc5
46. Ke4 Bf2 47. Bc4 1/2-1/2

[Event "Capablanca Memorial (Elite)"]
[Site "Havana CUB"]
[Date "2003.05.13"]
[EventDate "2003.05.06"]
[Round "7"]
[Result "0-1"]
[White "Yuri Gonzalez Vidal"]
[Black "Leinier Dominguez Perez"]
[WhiteElo "2473"]
[BlackElo "2603"]
[PlyCount "120"]

1. e4 c5 2. Nf3 d6 3. d4 cxd4 4. Nxd4 Nf6 5. Nc3 a6 6. Be2 e5
7. Nb3 Be7 8. Be3 Be6 9. Nd5 Nbd7 10. Qd3 O-O 11. O-O Bxd5
12. exd5 Nc5 13. Qd1 Na4 14. Rb1 b5 15. Qd2 Nb6 16. Bxb6 Qxb6
17. Na5 Ne4 18. Qb4 Bg5 19. Qxe4 Qxa5 20. a3 Qb6 21. Qb4 Rfc8
22. c3 Rab8 23. a4 bxa4 24. Qxa4 a5 25. Rfd1 Rc5 26. b4 Rxc3
27. Qxa5 Bd8 28. Qxb6 Bxb6 29. Rd2 Rbc8 30. Kf1 Rc1+ 31. Rxc1
Rxc1+ 32. Rd1 Rc2 33. Ra1 g6 34. g3 Rb2 35. b5 Kg7 36. Ra6 Bc5
37. Rc6 e4 38. Rc7 Kf6 39. Rd7 h5 40. h4 Rb1+ 41. Kg2 Rb3
42. Rb7 Ra3 43. Kf1 Ra1+ 44. Kg2 Re1 45. Bc4 Rd1 46. Be2 Rxd5
47. Bc4 Rd2 48. Rxf7+ Ke5 49. Kf1 d5 50. Be2 d4 51. Rc7 Kd6
52. Rc6+ Kd5 53. f3 e3 54. Rxg6 d3 55. Bxd3 Rxd3 56. Rg5+ Kc4
57. Re5 Bd4 58. Re8 Rd1+ 59. Ke2 Rd2+ 60. Ke1 Kd3 0-1

[Event "Capablanca Memorial (Elite)"]
[Site "Havana CUB"]
[Date "2003.05.14"]
[EventDate "2003.05.06"]
[Round "8"]
[Result "1/2-1/2"]
[White "Ulf Andersson"]
[Black "Leinier Dominguez Perez"]
[WhiteElo "2594"]
[BlackElo "2603"]
[PlyCount "22"]

1. Nf3 d5 2. d4 Nf6 3. c4 c6 4. cxd5 cxd5 5. Nc3 Nc6 6. Bf4
Bf5 7. e3 e6 8. Bb5 Nd7 9. O-O Be7 10. h3 Rc8 11. Rc1 a6
1/2-1/2

[Event "Capablanca Memorial (Elite)"]
[Site "Havana CUB"]
[Date "2003.05.15"]
[EventDate "2003.05.06"]
[Round "9"]
[Result "1-0"]
[White "Leinier Dominguez Perez"]
[Black "Jesus Nogueiras"]
[WhiteElo "2603"]
[BlackElo "2532"]
[PlyCount "99"]

1. e4 e6 2. d4 d5 3. Nc3 Bb4 4. e5 Ne7 5. a3 Bxc3+ 6. bxc3 c5
7. Qg4 O-O 8. Bd3 Qa5 9. Ne2 cxd4 10. Bd2 Nbc6 11. cxd4 Qa4
12. Qh3 Ng6 13. Qe3 f6 14. exf6 Rxf6 15. O-O Bd7 16. Rfb1 e5
17. Rxb7 exd4 18. Qg5 Nce5 19. Rb4 Qc6 20. Nxd4 Qc5 21. Bxg6
Nxg6 22. Be3 h6 23. Qh5 Re8 24. Qd1 Ne5 25. Nb5 Qc6 26. Nxa7
Qa8 27. Rb3 Rg6 28. Bd4 Bg4 29. f3 Bh3 30. g3 Rge6 31. Re3 Nc4
32. Rxe6 Rxe6 33. Nb5 Qa4 34. Nc3 Qa5 35. Qd3 Ne5 36. Bxe5
Rxe5 37. Qd4 Qc7 38. Kf2 Re6 39. Re1 Rd6 40. Nb5 Qxc2+ 41. Re2
Qb1 42. Nxd6 Qf1+ 43. Ke3 Qg1+ 44. Rf2 Qe1+ 45. Re2 Qg1+
46. Kd3 Qb1+ 47. Rc2 Qd1+ 48. Rd2 Qb1+ 49. Kc3 Qa1+ 50. Kb4
1-0

[Event "Capablanca Memorial (Elite)"]
[Site "Havana CUB"]
[Date "2003.05.17"]
[EventDate "2003.05.06"]
[Round "10"]
[Result "1/2-1/2"]
[White "Rafael Duailibe Leitao"]
[Black "Leinier Dominguez Perez"]
[WhiteElo "2533"]
[BlackElo "2603"]
[PlyCount "75"]

1. d4 d5 2. c4 c6 3. cxd5 cxd5 4. Nf3 Nf6 5. Nc3 Nc6 6. Bf4
Bf5 7. e3 e6 8. Ne5 Nxe5 9. Bxe5 Nd7 10. Bg3 a6 11. Bd3 Bxd3
12. Qxd3 Be7 13. O-O O-O 14. Rfc1 Rc8 15. Rc2 Qa5 16. Rac1 Rc6
17. f3 Rfc8 18. e4 Nb6 19. Be1 Bb4 20. a3 Bxc3 21. Rxc3 Rxc3
22. Rxc3 Rxc3 23. Bxc3 Qa4 24. Bb4 Qc6 25. Kf2 dxe4 26. fxe4
Qc1 27. Qd2 Qb1 28. Qe2 h6 29. Kg3 f5 30. d5 Qxe4 31. Qxe4
fxe4 32. dxe6 Nd5 33. Bd6 g6 34. Kf2 Kg7 35. Be5+ Kf8 36. Bd6+
Kg7 37. Be5+ Kf8 38. Bd6+ 1/2-1/2

[Event "Capablanca Memorial (Elite)"]
[Site "Havana CUB"]
[Date "2003.05.18"]
[EventDate "2003.05.06"]
[Round "11"]
[Result "0-1"]
[White "Leinier Dominguez Perez"]
[Black "Walter Arencibia"]
[WhiteElo "2603"]
[BlackElo "2520"]
[PlyCount "72"]

1. e4 e6 2. d4 d5 3. Nc3 Bb4 4. e5 c5 5. a3 Bxc3+ 6. bxc3 Ne7
7. Qg4 O-O 8. Bd3 f5 9. exf6 Rxf6 10. Qh5 h6 11. g4 Nbc6
12. Ne2 Qf8 13. g5 g6 14. gxf6 gxh5 15. fxe7 Nxe7 16. Rg1+ Kf7
17. Nf4 e5 18. dxe5 Qh8 19. Ng6 Nxg6 20. Bxg6+ Ke7 21. f4 Bg4
22. Be3 b6 23. Kd2 Rg8 24. Bd3 Ke6 25. a4 Bf5 26. a5 Rxg1
27. Rxg1 Qh7 28. Be2 Bxc2 29. axb6 axb6 30. Ra1 Bb1 31. Ke1
Qe4 32. Kf2 d4 33. cxd4 cxd4 34. Bc4+ Kf5 35. Bc1 Qc2+ 36. Kf3
Qxc4 0-1

[Event "18th North Sea Cup"]
[Site "Esbjerg DEN"]
[Date "2003.07.04"]
[EventDate "2003.07.04"]
[Round "1"]
[Result "1/2-1/2"]
[White "Leinier Dominguez Perez"]
[Black "Curt Hansen"]
[WhiteElo "2610"]
[BlackElo "2618"]
[PlyCount "56"]

1. e4 c5 2. Nf3 d6 3. d4 cxd4 4. Nxd4 Nf6 5. Nc3 Nc6 6. Bc4 e6
7. Be3 Be7 8. Qe2 a6 9. O-O-O Qc7 10. Bb3 Na5 11. g4 b5 12. g5
Nxb3+ 13. axb3 Nd7 14. Nf5 b4 15. Bd4 bxc3 16. Nxg7+ Kd8
17. Nxe6+ fxe6 18. Bxh8 e5 19. Rhg1 Bb7 20. Bf6 Nxf6 21. gxf6
Bxf6 22. Rg8+ Ke7 23. Rdg1 Rxg8 24. Rxg8 Qa5 25. bxc3 Qxc3
26. Qh5 Qa1+ 27. Kd2 Qd4+ 28. Kc1 Qa1+ 1/2-1/2

[Event "18th North Sea Cup"]
[Site "Esbjerg DEN"]
[Date "2003.07.05"]
[EventDate "2003.07.04"]
[Round "2"]
[Result "1/2-1/2"]
[White "Leinier Dominguez Perez"]
[Black "Lars Schandorff"]
[WhiteElo "2610"]
[BlackElo "2525"]
[PlyCount "69"]

1. e4 c5 2. Nf3 Nc6 3. d4 cxd4 4. Nxd4 Nf6 5. Nc3 e5 6. Ndb5
d6 7. Bg5 a6 8. Na3 b5 9. Bxf6 gxf6 10. Nd5 f5 11. Bd3 Be6
12. O-O Bxd5 13. exd5 Ne7 14. c3 Bg7 15. Qh5 e4 16. Bc2 O-O
17. Rae1 Qc8 18. Kh1 Rb8 19. f3 b4 20. fxe4 bxa3 21. exf5 Rxb2
22. f6 Ng6 23. fxg7 Kxg7 24. Bd3 Qxc3 25. Re3 Kg8 26. Bxg6
hxg6 27. Rxc3 gxh5 28. Rxa3 Re8 29. Rxa6 Ree2 30. Rxd6 Rxg2
31. Rg1 Rxg1+ 32. Kxg1 Rxa2 33. Rh6 Kg7 34. Rxh5 Rd2 35. Rg5+
1/2-1/2

[Event "18th North Sea Cup"]
[Site "Esbjerg DEN"]
[Date "2003.07.10"]
[EventDate "2003.07.04"]
[Round "7"]
[Result "0-1"]
[White "Koneru Humpy"]
[Black "Leinier Dominguez Perez"]
[WhiteElo "2468"]
[BlackElo "2610"]
[PlyCount "110"]

1. d4 d5 2. Nf3 Nf6 3. c4 c6 4. e3 Bg4 5. cxd5 Bxf3 6. Qxf3
cxd5 7. Nc3 e6 8. Bd3 Nc6 9. O-O Be7 10. Bd2 O-O 11. Rfc1 Rc8
12. Qd1 Nd7 13. Na4 a6 14. f4 Bb4 15. a3 Bxd2 16. Qxd2 Qa5
17. Qd1 Ne7 18. b4 Qd8 19. Nc5 Rb8 20. Qc2 g6 21. g4 Nf6
22. Qg2 Nc8 23. Kh1 Nd6 24. Rg1 Rc8 25. f5 b6 26. g5 Nfe4
27. Nxe4 dxe4 28. Bxa6 Ra8 29. Be2 exf5 30. Qg3 Qd7 31. Qh4
Rfc8 32. Rg3 Qe6 33. Rh3 h5 34. gxh6 Kh7 35. Qf4 b5 36. Rg3
Rc2 37. Rg2 Rc3 38. h4 Raxa3 39. Rxa3 Rxa3 40. h5 Ra1+ 41. Kh2
Qf6 42. Bf1 g5 43. Qe5 Qxh6 44. Rf2 Ra3 45. Kg1 g4 46. Rxf5
Qxe3+ 47. Kh1 Nxf5 48. Qxf5+ Kg8 49. Qxg4+ Kf8 50. Qc8+ Kg7
51. Qg4+ Kh6 52. Bg2 Ra1+ 53. Kh2 Qg1+ 54. Kg3 Ra3+ 55. Kf4
Qf2+ 0-1

[Event "Torneo Continental Americano"]
[Site "Buenos Aires ARG"]
[Date "2003.08.20"]
[EventDate "2003.08.17"]
[Round "3"]
[Result "0-1"]
[White "Jose Gonzalez Garcia"]
[Black "Leinier Dominguez Perez"]
[WhiteElo "2455"]
[BlackElo "2610"]
[PlyCount "80"]

1. e4 c5 2. Nf3 d6 3. d4 cxd4 4. Nxd4 Nf6 5. Nc3 a6 6. Be3 Ng4
7. Bc1 Nf6 8. Be3 e6 9. f3 b5 10. g4 b4 11. Na4 Bd7 12. c4 Qa5
13. b3 Bxa4 14. bxa4 h6 15. Bg2 Nbd7 16. O-O Rc8 17. f4 h5
18. Nb3 Qc7 19. g5 Ng4 20. Bd4 e5 21. h3 exd4 22. hxg4 hxg4
23. Qxd4 Qxc4 24. Qxc4 Rxc4 25. Rac1 Rxc1 26. Rxc1 Nc5
27. Nxc5 dxc5 28. Bf1 g3 29. Bxa6 Rh2 30. Bc4 Bd6 31. e5 Bc7
32. Rd1 g6 33. Bb5+ Kf8 34. Rd7 Ba5 35. Bc4 Rc2 36. Rxf7+ Ke8
37. Ra7 Rxc4 38. Rxa5 Rc2 39. Rb5 Rxa2 40. f5 gxf5 0-1

[Event "Torneo Continental Americano"]
[Site "Buenos Aires ARG"]
[Date "2003.08.22"]
[EventDate "2003.08.17"]
[Round "5"]
[Result "0-1"]
[White "Sergio Slipak"]
[Black "Leinier Dominguez Perez"]
[WhiteElo "2497"]
[BlackElo "2610"]
[PlyCount "136"]

1. d4 d5 2. c4 c6 3. Nf3 Nf6 4. Qc2 dxc4 5. Qxc4 Bf5 6. g3 e6
7. Bg2 Nbd7 8. O-O Be7 9. Qb3 Qb6 10. Nbd2 O-O 11. Nc4 Qa6
12. Bf4 Nb6 13. Nfe5 Rfd8 14. Rfd1 Be4 15. Bxe4 Nxe4 16. Qc2
Nf6 17. b3 Nfd5 18. Bd2 Nxc4 19. Qxc4 Qa3 20. Bc1 Qa5 21. Bb2
Nb6 22. Qc2 Nd7 23. Bc3 Qa6 24. Nf3 c5 25. d5 exd5 26. Rxd5
Nf8 27. Rad1 Rxd5 28. Rxd5 Rd8 29. Rxd8 Bxd8 30. Qd2 Be7
31. a4 Qe6 32. Qb2 f6 33. e3 Qd5 34. Nd2 Qd3 35. Nc4 Kf7
36. Kg2 b6 37. h4 Nd7 38. Qd2 Qxd2 39. Nxd2 a6 40. e4 b5
41. axb5 axb5 42. f4 Nb8 43. Kf3 Nc6 44. g4 Bd8 45. g5 Ba5
46. Bxa5 Nxa5 47. f5 Nc6 48. Ke3 Ke7 49. Nf3 Kd6 50. h5 h6
51. g6 Ne5 52. Ne1 b4 53. Kd2 c4 54. bxc4 Nxc4+ 55. Kd3 b3
56. e5+ Nxe5+ 57. Kc3 Kd5 58. Kxb3 Ke4 59. Nc2 Kxf5 60. Nd4+
Kg5 61. Ne6+ Kxh5 62. Nxg7+ Kxg6 63. Ne6 Kf5 64. Nd4+ Ke4
65. Kc3 h5 66. Ne2 h4 67. Kd2 Nf3+ 68. Kd1 Ke3 0-1

[Event "Corus Group B"]
[Site "Wijk aan Zee NED"]
[Date "2004.01.15"]
[EventDate "2004.01.10"]
[Round "5"]
[Result "1/2-1/2"]
[White "Daniel Stellwagen"]
[Black "Leinier Dominguez Perez"]
[WhiteElo "2489"]
[BlackElo "2605"]
[PlyCount "78"]

1. e4 c5 2. Nf3 d6 3. d4 cxd4 4. Nxd4 Nf6 5. Nc3 a6 6. Bc4 e6
7. Bb3 b5 8. O-O b4 9. Na4 Be7 10. Qf3 Bb7 11. Bxe6 fxe6
12. Nxe6 Qa5 13. Qb3 Rg8 14. a3 Nc6 15. Be3 Rb8 16. Nb6 Bc8
17. Nc7+ Kf8 18. Ncd5 bxa3 19. Rxa3 Qb5 20. Qa2 Nb4 21. Nxb4
Qxb4 22. Rc3 Bd7 23. Nxd7+ Nxd7 24. Rc7 Nf6 25. e5 dxe5
26. Bc5 Qxc5 27. Rxc5 Bxc5 28. Qxa6 Ke7 29. Re1 e4 30. g4 h6
31. h4 g5 32. Qc6 Rgc8 33. Rxe4+ Nxe4 34. Qxe4+ Kd7 35. Qf5+
Kc6 36. Qf3+ Kc7 37. Qf7+ Kc6 38. Qf3+ Kc7 39. Qf7+ Kc6
1/2-1/2

[Event "Corus Group B"]
[Site "Wijk aan Zee NED"]
[Date "2004.01.18"]
[EventDate "2004.01.10"]
[Round "7"]
[Result "0-1"]
[White "Hichem Hamdouchi"]
[Black "Leinier Dominguez Perez"]
[WhiteElo "2588"]
[BlackElo "2605"]
[PlyCount "86"]

1. e4 c5 2. Nf3 d6 3. d4 cxd4 4. Nxd4 Nf6 5. Nc3 a6 6. Bc4 e6
7. O-O b5 8. Bb3 Be7 9. Qf3 Qb6 10. Bg5 O-O 11. Rad1 Nbd7
12. Qg3 Kh8 13. Rfe1 Bb7 14. Be3 Qa5 15. Bd5 Nxd5 16. exd5 Nc5
17. a3 b4 18. axb4 Qxb4 19. Bf4 Qxb2 20. dxe6 fxe6 21. Rb1 Qa3
22. Bc1 Qa5 23. Nxe6 Nxe6 24. Rxb7 Bf6 25. Rxe6 Bxc3 26. Qd3
Be5 27. Qd1 Rac8 28. g3 Qa1 29. Kg2 Qa2 30. Ree7 Rxc2 31. Rf7
Rxf2+ 32. Rxf2 Rxf2+ 33. Kh3 Rxh2+ 34. Kg4 Qe6+ 35. Kf3 Qf5+
36. Bf4 h5 37. Rb8+ Kh7 38. Qb1 Rc2 39. Ke3 Bxf4+ 40. gxf4
Qh3+ 41. Kd4 Qc3+ 42. Kd5 Qc4+ 43. Kxd6 Qxf4+ 0-1

[Event "Corus Group B"]
[Site "Wijk aan Zee NED"]
[Date "2004.01.20"]
[EventDate "2004.01.10"]
[Round "9"]
[Result "1/2-1/2"]
[White "Eric Lobron"]
[Black "Leinier Dominguez Perez"]
[WhiteElo "2497"]
[BlackElo "2605"]
[PlyCount "44"]

1. e4 c5 2. Nc3 d6 3. g3 Nc6 4. Bg2 g6 5. d3 Bg7 6. Be3 Nf6
7. Nge2 Ng4 8. Bd2 O-O 9. h3 Nf6 10. O-O Rb8 11. Qc1 b5
12. Bh6 b4 13. Bxg7 Kxg7 14. Nd5 e5 15. a3 a5 16. axb4 axb4
17. c3 Nxd5 18. exd5 Ne7 19. d4 bxc3 20. bxc3 cxd4 21. cxd4 e4
22. Nf4 Nf5 1/2-1/2

[Event "Corus Group B"]
[Site "Wijk aan Zee NED"]
[Date "2004.01.25"]
[EventDate "2004.01.10"]
[Round "13"]
[Result "1-0"]
[White "Leinier Dominguez Perez"]
[Black "Friso Nijboer"]
[WhiteElo "2605"]
[BlackElo "2586"]
[PlyCount "49"]

1. e4 c5 2. Nf3 Nc6 3. d4 cxd4 4. Nxd4 Nf6 5. Nc3 d6 6. Bg5 e6
7. Qd2 Be7 8. O-O-O O-O 9. f3 a6 10. h4 Nxd4 11. Qxd4 Qa5
12. Kb1 b5 13. Qd2 b4 14. Ne2 e5 15. Ng3 Be6 16. b3 Rfc8
17. Bd3 Rc5 18. Nh5 Nxh5 19. Bxe7 Rac8 20. Bxd6 Rc3 21. Qg5 f6
22. Qxh5 Qa3 23. Bxe5 Bf7 24. Qf5 R8c6 25. Bc4 1-0

[Event "Capablanca Memorial (Elite)"]
[Site "Havana CUB"]
[Date "2004.05.06"]
[EventDate "2004.05.06"]
[Round "1"]
[Result "1-0"]
[White "Leinier Dominguez Perez"]
[Black "Yuri Gonzalez Vidal"]
[WhiteElo "2612"]
[BlackElo "2481"]
[PlyCount "120"]

1. e4 e5 2. Nf3 Nc6 3. Bb5 a6 4. Ba4 Nf6 5. O-O Be7 6. Re1 b5
7. Bb3 d6 8. c3 O-O 9. d4 Bg4 10. Be3 d5 11. exd5 exd4
12. Bxd4 Nxd4 13. cxd4 Bb4 14. Nc3 a5 15. Qd3 a4 16. Bc2 Bxf3
17. Qxf3 Bxc3 18. Qxc3 Nxd5 19. Qd3 Nf6 20. Qxb5 Qxd4 21. Rad1
Qb6 22. Qxb6 cxb6 23. Rd4 a3 24. bxa3 Rxa3 25. Bb3 Ra7
26. Red1 Rb7 27. Ba4 g6 28. Bb5 Kg7 29. f3 Rfb8 30. a4 Re7
31. Rd8 Rxd8 32. Rxd8 Re6 33. Kf2 Ng8 34. Rb8 Ne7 35. Rb7 Nf5
36. Rc7 Ne3 37. Rd7 Kf8 38. g4 g5 39. Rd3 Nc2 40. Rd8+ Kg7
41. Rd7 Ne3 42. h3 h6 43. Kg3 Rf6 44. Rd4 Nc2 45. Rd2 Na3
46. Rd5 Nxb5 47. axb5 Kf8 48. Rd7 Kg7 49. Rb7 Kf8 50. Kf2 Re6
51. f4 gxf4 52. Kf3 Re3+ 53. Kxf4 Rxh3 54. Rxb6 Rb3 55. Ke5
Kg7 56. Kd5 Rb1 57. Rb8 Rb4 58. b6 Rxg4 59. b7 Rb4 60. Kc6 h5
1-0

[Event "Capablanca Memorial (Elite)"]
[Site "Havana CUB"]
[Date "2004.05.07"]
[EventDate "2004.05.06"]
[Round "2"]
[Result "0-1"]
[White "Walter Arencibia Rodriguez"]
[Black "Leinier Dominguez Perez"]
[WhiteElo "2505"]
[BlackElo "2612"]
[PlyCount "56"]

1. d4 d5 2. c4 c6 3. Nc3 Nf6 4. Nf3 e6 5. g3 Nbd7 6. Bg2 dxc4
7. a4 Be7 8. O-O O-O 9. e4 e5 10. dxe5 Ng4 11. Bf4 Qa5 12. e6
fxe6 13. e5 Ngxe5 14. Nxe5 Nxe5 15. Qh5 Rf5 16. Qe8+ Bf8
17. Be4 Nf7 18. Rad1 Rf6 19. Be3 g6 20. f4 Kg7 21. Bd4 Bc5
22. Rf2 Bxd4 23. Rxd4 e5 24. fxe5 Rxf2 25. Kxf2 Qc5 26. Ke3
Nxe5 27. Qd8 Bd7 28. Qxa8 Ng4+ 0-1

[Event "Capablanca Memorial (Elite)"]
[Site "Havana CUB"]
[Date "2004.05.10"]
[EventDate "2004.05.06"]
[Round "4"]
[Result "0-1"]
[White "Ruben Felgaer"]
[Black "Leinier Dominguez Perez"]
[WhiteElo "2592"]
[BlackElo "2612"]
[PlyCount "128"]

1. e4 c5 2. Nf3 d6 3. d4 cxd4 4. Nxd4 Nf6 5. Nc3 a6 6. g3 e5
7. Nb3 Nbd7 8. Bg2 b5 9. O-O Be7 10. Bd2 O-O 11. a4 b4 12. Nb1
a5 13. c3 Nc5 14. cxb4 axb4 15. Bxb4 Ba6 16. Nxc5 Bxf1
17. Qxf1 dxc5 18. Bc3 c4 19. Qxc4 Qd1+ 20. Qf1 Qc2 21. Nd2
Rfd8 22. Nc4 Rxa4 23. Rc1 Qb3 24. Nxe5 Nxe4 25. Nc6 Re8
26. Qd3 Bc5 27. Qd7 Qe6 28. Qxe6 Rxe6 29. Bd4 Bxd4 30. Nxd4
Re8 31. Bxe4 Rxd4 32. Bf3 Rb4 33. Rc7 Rxb2 34. Bd5 Rf8 35. h4
g6 36. Kg2 h5 37. Rd7 Rb6 38. Rc7 Rf6 39. Rc2 Rd8 40. Be4 Rd4
41. Ba8 Rfd6 42. Kg1 Rd2 43. Rxd2 Rxd2 44. f4 Kg7 45. Bc6 Kf6
46. Be4 Ke6 47. Bb7 Kd6 48. Be4 Kc5 49. Bb7 Kd4 50. Bc6 Ke3
51. Bb7 f5 52. Bc6 Rd6 53. Bb7 g5 54. hxg5 h4 55. Kg2 hxg3
56. Kxg3 Rd4 57. Bg2 Rxf4 58. Bh3 Rf3+ 59. Kh4 Kf4 60. g6 Rb3
61. g7 Rg3 62. Bxf5 Rxg7 63. Bd3 Rd7 64. Bc4 Rh7# 0-1

[Event "Capablanca Memorial (Elite)"]
[Site "Havana CUB"]
[Date "2004.05.11"]
[EventDate "2004.05.06"]
[Round "5"]
[Result "1-0"]
[White "Leinier Dominguez Perez"]
[Black "Thomas Luther"]
[WhiteElo "2612"]
[BlackElo "2577"]
[PlyCount "51"]

1. e4 e5 2. Nf3 d6 3. d4 exd4 4. Nxd4 Nf6 5. Nc3 Be7 6. g3 d5
7. e5 Ng4 8. Bf4 g5 9. e6 h5 10. exf7+ Kf8 11. Bc1 Nc6 12. Bg2
Bc5 13. Be3 Nxe3 14. fxe3 Bxd4 15. exd4 Bg4 16. Qd3 Nb4
17. Qd2 Qe7+ 18. Kf2 h4 19. Rhf1 hxg3+ 20. hxg3 Qf6+ 21. Kg1
Qh6 22. Nxd5 a5 23. Rae1 Qh2+ 24. Kf2 Nxd5 25. Rh1 Qxh1
26. Rxh1 1-0

[Event "Capablanca Memorial (Elite)"]
[Site "Havana CUB"]
[Date "2004.05.14"]
[EventDate "2004.05.06"]
[Round "7"]
[Result "1-0"]
[White "Leinier Dominguez Perez"]
[Black "Yuniesky Quesada Perez"]
[WhiteElo "2612"]
[BlackElo "2478"]
[PlyCount "99"]

1. e4 c5 2. Nf3 d6 3. d4 cxd4 4. Nxd4 Nf6 5. Nc3 a6 6. f4 e5
7. Nf3 Nbd7 8. a4 Be7 9. Bc4 O-O 10. O-O exf4 11. Bxf4 Qb6+
12. Qd4 Qxd4+ 13. Nxd4 Ne5 14. Bb3 Bd7 15. Nf5 Bxf5 16. exf5
Rac8 17. Rad1 h6 18. Rfe1 Rfe8 19. Nd5 Nxd5 20. Rxd5 Kf8
21. Kf1 Red8 22. Re4 Bf6 23. c3 Ke7 24. Rd1 Rd7 25. Rb4 Rcc7
26. Be3 Nc6 27. Re4+ Be5 28. g4 Rc8 29. Bd5 Kf6 30. Bf2 g5
31. fxg6 fxg6 32. h4 Ne7 33. Bb3 g5 34. Rxe5 Kxe5 35. Re1+ Kf6
36. Be6 Rcd8 37. Bd4+ Kg6 38. Bxd7 Rxd7 39. Re6+ Kh7 40. h5
Nc6 41. Kf2 Nxd4 42. cxd4 d5 43. a5 Rc7 44. Ke3 Rd7 45. Kd3
Rf7 46. b4 Rf3+ 47. Kc2 Rf4 48. Re7+ Kg8 49. Rxb7 Rxd4 50. b5
1-0

[Event "Capablanca Memorial (Elite)"]
[Site "Havana CUB"]
[Date "2004.05.15"]
[EventDate "2004.05.06"]
[Round "8"]
[Result "1-0"]
[White "Leinier Dominguez Perez"]
[Black "Ivan Eduardo Morovic-Fernandez"]
[WhiteElo "2612"]
[BlackElo "2583"]
[PlyCount "79"]

1. e4 e5 2. Nf3 Nc6 3. Bb5 a6 4. Ba4 Nf6 5. O-O Be7 6. Re1 b5
7. Bb3 d6 8. c3 O-O 9. d4 Bg4 10. Be3 exd4 11. cxd4 Na5
12. Bc2 c5 13. h3 Bxf3 14. Qxf3 cxd4 15. Bxd4 Nc6 16. Qd3 Nb4
17. Qd2 Nxc2 18. Qxc2 Rc8 19. Qd3 Qa5 20. Nc3 b4 21. Ne2 Rfe8
22. Ng3 g6 23. Nf5 gxf5 24. Qg3+ Kf8 25. Qg5 Bd8 26. Bxf6 Bxf6
27. Qxf6 Qe5 28. Qh6+ Kg8 29. exf5 Qxf5 30. Qxd6 a5 31. Rad1
Re6 32. Rxe6 Qxe6 33. Qd4 Re8 34. Rd3 Qe1+ 35. Kh2 Qe5+
36. Rg3+ Kh8 37. Qc4 Qe6 38. Qf4 Rg8 39. Rxg8+ Kxg8 40. Qg4+
1-0